[Event "X C.to Italiano U20"]
[Site "Bratto - Castione della Presolana ITA"]
[Date "2002.08.20"]
[Round "1"]
[White "Navarro, Stefano"]
[Black "Bartolini, Marco"]
[Result "1/2-1/2"]
[WhiteElo "2122"]
[BlackElo "1618"]
[PlyCount "118"]
[EventDate "2002.08.20"]

1.e4 e6 2.d3 c5 3.g3 Nc6 4.Bg2 g6 5.Nf3 Bg7 6.O-O Nge7 7.c3 O-O 8.Be3 d6 
9.d4 cxd4 10.Nxd4 Nxd4 11.Bxd4 e5 12.Be3 Be6 13.Qa4 Qc7 14.Nd2 d5 15.Qa3 
Rfd8 16.exd5 Nxd5 17.Ne4 Nxe3 18.fxe3 Qb6 19.Rae1 Bd5 20.Rf2 Qc6 21.Nd2 
Rd7 22.Bxd5 Qxd5 23.Qb3 Rad8 24.Qxd5 Rxd5 25.Nc4 b5 26.Na3 Bf8 27.Nc2 f5 
28.Rfe2 Bc5 29.Kf1 e4 30.Rf2 Kf7 31.Nd4 Bxd4 32.cxd4 Rc8 33.Ree2 Rd6 34.
Rc2 Rdc6 35.Rxc6 Rxc6 36.Ke1 Ke6 37.Kd2 g5 38.Rf1 a5 39.Rf2 b4 40.Rf1 Rc4 
41.h3 h6 42.g4 f4 43.exf4 gxf4 44.Rxf4 Rxd4+ 45.Ke3 Rd3+ 46.Kxe4 Rxh3 47.
Rf2 Rh4 48.Kf3 h5 49.Re2+ Kf7 50.gxh5 Rxh5 51.b3 Kf6 52.Ke4 Ke6 53.Kd4+ 
Kd6 54.Ke4 Re5+ 55.Kd3 Rd5+ 56.Ke4 Rc5 57.Kd3 Rd5+ 58.Kc2 Kc5 59.Kb2 Kb5 
1/2-1/2

[Event "X C.to Italiano U20"]
[Site "Bratto - Castione della Presolana ITA"]
[Date "2002.08.20"]
[Round "1"]
[White "Pulito, Alberto"]
[Black "Hellweger, Stefan"]
[Result "1-0"]
[WhiteElo "2032"]
[BlackElo "1488"]
[PlyCount "111"]
[EventDate "2002.08.20"]

1.e4 e5 2.Nf3 d6 3.d4 exd4 4.Nxd4 c5 5.Nf3 Nc6 6.Bc4 Be7 7.O-O Nf6 8.Nc3 
O-O 9.h3 Be6 10.Bd5 Rb8 11.Bf4 Qd7 12.a4 Bxd5 13.Nxd5 Nxd5 14.Qxd5 Nb4 15.
Qd2 Rbd8 16.c3 Na6 17.Rfe1 Rfe8 18.c4 Nb4 19.b3 Bf8 20.Nh2 Qc6 21.f3 b6 
22.Rad1 a6 23.Nf1 b5 24.axb5 axb5 25.Ne3 Ra8 26.Ra1 bxc4 27.bxc4 Ra6 28.
Nd5 Nxd5 29.Rxa6 Qxa6 30.Qxd5 Qa8 31.Rd1 Qxd5 32.Rxd5 Re6 33.Kf2 h6 34.Ke3
g5 35.Bg3 Be7 36.Kd3 Kf8 37.Ke3 Ke8 38.f4 gxf4+ 39.Bxf4 Rg6 40.Kf3 Kd7 41.
e5 Kc6 42.exd6 Bxd6 43.Bxd6 Rxd6 44.Rxd6+ Kxd6 45.Kf4 Ke6 46.g4 Kf6 47.h4 
Ke6 48.Ke4 Kd6 49.Kf5 Ke7 50.Ke5 f6+ 51.Kd5 Kd7 52.Kxc5 h5 53.gxh5 f5 54.
Kd4 Kc6 55.c5 f4 56.Ke4 1-0

[Event "X C.to Italiano U20"]
[Site "Bratto - Castione della Presolana ITA"]
[Date "2002.08.20"]
[Round "1"]
[White "Retter, Martin"]
[Black "Costantini, Roberto"]
[Result "0-1"]
[WhiteElo "1807"]
[BlackElo "2340"]
[PlyCount "64"]
[EventDate "2002.08.20"]

1.c4 c5 2.Nf3 Nc6 3.Nc3 e5 4.g3 g6 5.Bg2 Bg7 6.O-O Nge7 7.Rb1 d6 8.a3 a5 
9.d3 O-O 10.e3 Be6 11.b3 h6 12.Nb5 d5 13.Nd2 Qb6 14.f4 Rad8 15.Qe2 Rd7 16.
a4 Rfd8 17.cxd5 Nxd5 18.Nc4 Qa6 19.f5 gxf5 20.Bxd5 Bxd5 21.Rxf5 Be6 22.Rf1
Nb4 23.Qh5 Nxd3 24.e4 Bxc4 25.bxc4 Qe6 26.Rf5 Nb4 27.Be3 Nc2 28.Bc1 Rd1+ 
29.Kf2 Qxc4 30.Qe2 Qxe2+ 31.Kxe2 Re1+ 32.Kf2 Rdd1 0-1

[Event "X C.to Italiano U20"]
[Site "Bratto - Castione della Presolana ITA"]
[Date "2002.08.20"]
[Round "1"]
[White "Rodella, Tommaso"]
[Black "Napoli, Nicolo'"]
[Result "0-1"]
[WhiteElo "1573"]
[BlackElo "1902"]
[PlyCount "38"]
[EventDate "2002.08.20"]

1.d4 g6 2.c4 Bg7 3.Nf3 d6 4.Nc3 Nd7 5.e3 e5 6.Bd3 f5 7.e4 exd4 8.Nxd4 Bxd4
9.exf5 Bxc3+ 10.bxc3 Ne5 11.fxg6 hxg6 12.Qe2 Qe7 13.O-O Qh4 14.Bxg6+ Kd8 
15.Qxe5 dxe5 16.Bg5+ Qxg5 17.Rad1+ Ke7 18.Rfe1 Qxg6 19.Rxe5+ Kf7 0-1

[Event "X C.to Italiano U20"]
[Site "Bratto - Castione della Presolana ITA"]
[Date "2002.08.20"]
[Round "1"]
[White "Tassinari, Luca"]
[Black "Brunello, Sabino"]
[Result "0-1"]
[WhiteElo "1600"]
[BlackElo "1957"]
[PlyCount "136"]
[EventDate "2002.08.20"]

1.e4 e5 2.Nf3 Nc6 3.d4 exd4 4.Bc4 Bc5 5.c3 dxc3 6.O-O d6 7.Qb3 Qe7 8.Nxc3 
Bd7 9.Nd5 Qd8 10.Qc3 f6 11.b4 Bb6 12.Qb3 Nd4 13.Nxd4 Bxd4 14.Rb1 Ne7 15.
Rd1 Bb6 16.Nxb6 axb6 17.b5 Ng6 18.Bf7+ Ke7 19.Bc4 Ne5 20.Be2 Be6 21.Qc3 
Rxa2 22.Bb2 Ng6 23.g3 Qc8 24.f4 Bf7 25.Rdc1 Kd8 26.Bg4 Qb8 27.Qe3 Re8 28.
Ba3 Bd5 29.Bf5 Bxe4 30.Bxe4 f5 31.Qb3 Rxa3 32.Qxa3 fxe4 33.Re1 d5 34.Rb4 
Ne7 35.Ra4 Kd7 36.Qb2 Rg8 37.Qd4 Ke6 38.Rc1 c5 39.Qd1 Rd8 40.Qg4+ Kf7 41.
Qh5+ Kg8 42.Qe2 Qd6 43.Rd1 Nf5 44.Rxe4 dxe4 45.Rxd6 Nxd6 46.Qa2+ Kf8 47.
Qa7 Ke7 48.Qxb6 Rc8 49.Qa5 c4 50.Qc3 Nf7 51.Kf2 Kd7 52.Qd4+ Ke7 53.Qxe4+ 
Kf8 54.Qxb7 Nd6 55.Qa6 Ke7 56.Ke1 Kd7 57.b6 Rb8 58.Qa7+ Rb7 59.Qa5 Kd8 60.
Qa6 Kd7 61.Kd2 Kc6 62.Kc3 Rxb6 63.Qa8+ Rb7 64.Qf8 Rf7 65.Qb8 h6 66.Qa8+ 
Rb7 67.Qa4+ Rb5 68.Qa8+ Rb7 {...} 0-1

[Event "X C.to Italiano U20"]
[Site "Bratto - Castione della Presolana ITA"]
[Date "2002.08.20"]
[Round "1"]
[White "Tomba, Ivan"]
[Black "Longo, Luigi"]
[Result "1-0"]
[WhiteElo "2178"]
[BlackElo "1678"]
[PlyCount "91"]
[EventDate "2002.08.20"]

1.e4 e6 2.d4 d5 3.e5 c5 4.c3 Nc6 5.Nf3 Qb6 6.a3 Bd7 7.b4 cxd4 8.cxd4 Rc8 
9.Bb2 Na5 10.Nbd2 Nc4 11.Nxc4 dxc4 12.Rc1 Qa6 13.d5 exd5 14.Qxd5 Be6 15.
Qe4 Ne7 16.Nd4 Bd5 17.Qg4 Qg6 18.Qxg6 Nxg6 19.Nf5 Be6 20.Ne3 b5 21.g3 Be7 
22.f4 Bd7 23.f5 Bc6 24.Rg1 Nf8 25.f6 gxf6 26.exf6 Bd8 27.Bh3 Nd7 28.Nf5 
Ra8 29.Ng7+ Kf8 30.Rf1 Bc7 31.Bxd7 Bxd7 32.Rd1 Bh3 33.Rf2 Bg4 34.Rd5 Rd8 
35.Rxd8+ Bxd8 36.Rf4 h5 37.Kf2 Rh6 38.Kg2 Kg8 39.Be5 a6 40.h3 Bc8 41.Kh1 
Bb6 42.Bc3 Bc7 43.Re4 Be6 44.Nxe6 fxe6 45.Rxe6 Rg6 46.Re8+ 1-0

[Event "X C.to Italiano U20"]
[Site "Bratto - Castione della Presolana ITA"]
[Date "2002.08.20"]
[Round "1"]
[White "Trazzi, Enrico"]
[Black "Nardelli, Marco"]
[Result "0-1"]
[WhiteElo "1500"]
[BlackElo "1821"]
[PlyCount "104"]
[EventDate "2002.08.20"]

1.d4 Nf6 2.c4 c5 3.Nf3 cxd4 4.Nxd4 e6 5.Bg5 Qa5+ 6.Bd2 Qb6 7.Nb3 Nc6 8.e3 
Be7 9.Qc2 d6 10.Bd3 Ne5 11.O-O Qc7 12.Bb4 b6 13.N1d2 Bb7 14.Nd4 a6 15.Rac1
O-O 16.b3 Rac8 17.Be2 Qd7 18.Qb1 d5 19.Bxe7 Qxe7 20.cxd5 exd5 21.Rxc8 Rxc8
22.Rc1 h5 23.Rxc8+ Bxc8 24.Qc2 Bb7 25.h3 g6 26.N2f3 Nxf3+ 27.Bxf3 Qc5 28.
Kf1 Kf8 29.Ke1 Ke7 30.a3 Kd6 31.b4 Qxc2 32.Nxc2 Nd7 33.Nd4 Ne5 34.Be2 Nc4 
35.Bxc4 dxc4 36.g3 Be4 37.Kd2 b5 38.h4 Bc6 39.Kc3 Bd7 40.Kd2 Ke5 41.Kc3 f6
42.Kd2 g5 43.Ke2 gxh4 44.gxh4 f5 45.f4+ Ke4 46.Kd2 Be8 47.Ne6 Kf3 48.Nd4+ 
Kg4 49.Ke2 Bd7 50.Nf3 Kg3 51.Ne5 Be8 52.Nf3 Bc6 0-1

[Event "X C.to Italiano U20"]
[Site "Bratto - Castione della Presolana ITA"]
[Date "2002.08.20"]
[Round "1"]
[White "Vocaturo, Daniele"]
[Black "Bonagura, Stefano"]
[Result "1-0"]
[WhiteElo "2101"]
[BlackElo "1521"]
[PlyCount "29"]
[EventDate "2002.08.20"]

1.e4 e5 2.Nf3 d6 3.d4 exd4 4.Nxd4 Nf6 5.Nc3 Be7 6.Be2 O-O 7.O-O Re8 8.f4 
Bf8 9.Bf3 Nbd7 10.Re1 Rb8 11.a4 b6 12.Nc6 Nxe4 13.Nxd8 Nxc3 14.bxc3 Rxd8 
15.Bg4 1-0

[Event "X C.to Italiano U20"]
[Site "Bratto - Castione della Presolana ITA"]
[Date "2002.08.20"]
[Round "1"]
[White "Waldner, Mirko"]
[Black "Braschi, Giancarlo"]
[Result "0-1"]
[WhiteElo "1636"]
[BlackElo "2124"]
[PlyCount "54"]
[EventDate "2002.08.20"]

1.d4 Nf6 2.c4 e6 3.Bg5 Bb4+ 4.Nc3 c5 5.a3 Bxc3+ 6.bxc3 Qa5 7.Bd2 Nc6 8.Nf3
d6 9.e3 Qc7 10.Bd3 e5 11.Be2 O-O 12.O-O b6 13.Qc2 Re8 14.d5 Na5 15.Be1 Ba6
16.Nd2 e4 17.Qd1 Re5 18.f4 exf3 19.Rxf3 Rae8 20.Bf2 Ng4 21.e4 f5 22.Rxf5 
Rxf5 23.exf5 Nxf2 24.Kxf2 Qe7 25.Rc1 Qe3+ 26.Kf1 Re5 27.Qe1 Nxc4 0-1

[Event "X C.to Italiano U20"]
[Site "Bratto - Castione della Presolana ITA"]
[Date "2002.08.21"]
[Round "2"]
[White "Bartolini, Marco"]
[Black "Mazzilli, Piero"]
[Result "0-1"]
[WhiteElo "1618"]
[BlackElo "2242"]
[PlyCount "32"]
[EventDate "2002.08.20"]

1.d4 d5 2.Nf3 c6 3.e3 Bg4 4.Nbd2 e6 5.Be2 Nd7 6.O-O f5 7.b3 Bd6 8.Bb2 Ngf6
9.c4 O-O 10.Ng5 Bxe2 11.Qxe2 Bxh2+ 12.Kh1 Ng4 13.Ndf3 Qb8 14.g3 Bxg3 15.
fxg3 Qxg3 16.Rg1 Nf2+ 0-1

[Event "X C.to Italiano U20"]
[Site "Bratto - Castione della Presolana ITA"]
[Date "2002.08.21"]
[Round "2"]
[White "Bentivegna, Francesco"]
[Black "Bove, Alessandro"]
[Result "1/2-1/2"]
[WhiteElo "2120"]
[BlackElo "1815"]
[PlyCount "48"]
[EventDate "2002.08.20"]

1.e4 e5 2.Nf3 Nc6 3.d4 exd4 4.Bc4 Nf6 5.e5 d5 6.Bb5 Ne4 7.Nxd4 Bd7 8.Bxc6 
bxc6 9.O-O c5 10.Nb3 c4 11.Nd4 c5 12.Ne2 Bc6 13.f3 Ng5 14.f4 Ne4 15.f5 g5 
16.e6 Be7 17.exf7+ Kxf7 18.Nd2 Nxd2 19.Bxd2 Bf6 20.Ng3 h5 21.Nxh5 Bxb2 22.
Rb1 Bd4+ 23.Kh1 Rh6 24.Qg4 Qh8 1/2-1/2

[Event "X C.to Italiano U20"]
[Site "Bratto - Castione della Presolana ITA"]
[Date "2002.08.21"]
[Round "2"]
[White "Berni, Giorgio"]
[Black "Di Caro, Calogero"]
[Result "1/2-1/2"]
[WhiteElo "2198"]
[BlackElo "1912"]
[PlyCount "80"]
[EventDate "2002.08.20"]

1.e4 e6 2.d4 d5 3.e5 c5 4.c3 Nc6 5.Nf3 Nge7 6.Bd3 cxd4 7.cxd4 Nf5 8.Bxf5 
exf5 9.Nc3 Be6 10.Ne2 Be7 11.h4 Qa5+ 12.Kf1 h6 13.g3 Qa6 14.Kg2 O-O-O 15.
Nf4 Kb8 16.h5 Rc8 17.Bd2 Na5 18.Qe1 Nc4 19.Bb4 Bd8 20.Nd3 Bb6 21.b3 Na3 
22.Bd6+ Ka8 23.Qd2 Rc2 24.Nb4 Rxd2 25.Nxa6 Rc2 26.Bxa3 bxa6 27.Rhc1 Rxc1 
28.Rxc1 f4 29.gxf4 Bg4 30.Rc6 Bxh5 31.Rd6 Rd8 32.Rxd8+ Bxd8 33.Bf8 g5 34.
Bxh6 g4 35.Ng1 Bb6 36.Ne2 Bg6 37.Kg3 Bd3 38.Nc3 Bxd4 39.Nxd5 Bb1 40.Nb4 
Kb7 1/2-1/2

[Event "X C.to Italiano U20"]
[Site "Bratto - Castione della Presolana ITA"]
[Date "2002.08.21"]
[Round "2"]
[White "Bonagura, Stefano"]
[Black "Retter, Martin"]
[Result "0-1"]
[WhiteElo "1521"]
[BlackElo "1807"]
[PlyCount "98"]
[EventDate "2002.08.20"]

1.d4 e6 2.c4 d5 3.Nc3 Nf6 4.Bg5 Be7 5.e3 O-O 6.Nf3 b6 7.Rc1 Bb7 8.a3 Nbd7 
9.Bd3 c5 10.O-O Ne4 11.Bxe7 Qxe7 12.Re1 f5 13.cxd5 exd5 14.Ne2 Rab8 15.Bb1
Ba8 16.Ba2 c4 17.Qa4 Ndf6 18.h3 b5 19.Qb4 Qc7 20.Red1 a5 21.Qe1 b4 22.axb4
axb4 23.Nf4 Rfc8 24.Ne5 Qa5 25.Ra1 Qb6 26.f3 Nd6 27.Qg3 Nb5 28.Rac1 c3 29.
bxc3 Nxc3 30.Rd2 Nxa2 31.Rxc8+ Rxc8 32.Rxa2 b3 33.Rb2 Rc2 34.Ned3 Rxb2 35.
Nxb2 Bb7 36.Nfd3 Nd7 37.Qe1 Ba6 38.Qc3 Bxd3 39.Qxd3 g6 40.e4 Ne5 41.Qc3 
fxe4 42.fxe4 dxe4 43.Qc5 Qxc5 44.dxc5 Kf8 45.Kf1 Nd3 46.Nc4 b2 47.Nxb2 
Nxb2 48.Ke2 Nc4 49.g3 Ke7 0-1

[Event "X C.to Italiano U20"]
[Site "Bratto - Castione della Presolana ITA"]
[Date "2002.08.21"]
[Round "2"]
[White "Bonarrigo, Marco"]
[Black "Castellano, Fabio Marco"]
[Result "1-0"]
[WhiteElo "1699"]
[BlackElo "1600"]
[PlyCount "97"]
[EventDate "2002.08.20"]

1.e4 c5 2.Nf3 e6 3.d4 cxd4 4.Nxd4 a6 5.c4 Nf6 6.Bd3 Nc6 7.Nxc6 bxc6 8.O-O 
d5 9.e5 Nd7 10.Qe2 Qc7 11.Re1 a5 12.cxd5 cxd5 13.Nc3 Nc5 14.Bb5+ Bd7 15.f4
Rb8 16.Be3 Be7 17.Rac1 Qb7 18.Bxd7+ Qxd7 19.Red1 O-O 20.Qf2 Rfc8 21.Nxd5 
exd5 22.Bxc5 Qc6 23.Be3 Qb5 24.Qd2 Rd8 25.Bd4 h6 26.Rc7 Bb4 27.Qc2 Qa6 28.
Rc1 Qe6 29.f5 Qa6 30.Ra7 Qb5 31.e6 Rb7 32.exf7+ Kxf7 33.Rxb7+ Qxb7 34.Qc7+
Qxc7 35.Rxc7+ Be7 36.Bc5 Re8 37.Kf2 Kf6 38.Bxe7+ Rxe7 39.Rxe7 Kxe7 40.Ke3 
Kf6 41.Kd4 Kxf5 42.Kxd5 Kf4 43.Kd4 h5 44.b3 h4 45.a3 g5 46.b4 g4 47.b5 h3 
48.gxh3 gxh3 49.b6 1-0

[Event "X C.to Italiano U20"]
[Site "Bratto - Castione della Presolana ITA"]
[Date "2002.08.21"]
[Round "2"]
[White "Bracali, Andrea"]
[Black "Waldner, Mirko"]
[Result "1/2-1/2"]
[WhiteElo "1488"]
[BlackElo "1636"]
[PlyCount "73"]
[EventDate "2002.08.20"]

1.Nf3 e6 2.g3 d5 3.Bg2 Nf6 4.O-O c5 5.b3 Nc6 6.Bb2 Be7 7.d4 O-O 8.Nbd2 b5 
9.c4 bxc4 10.bxc4 Rb8 11.Qc2 Nb4 12.Qc3 Ne4 13.Nxe4 dxe4 14.Ne5 f6 15.a3 
cxd4 16.Qxd4 Nc2 17.Qc3 Rxb2 18.Qxb2 Nxa1 19.Nc6 Qc7 20.Nxe7+ Qxe7 21.Qxa1
Ba6 22.Bxe4 Bxc4 23.Bf3 e5 24.Qc3 Be6 25.Rd1 Rb8 26.Bd5 Bxd5 27.Rxd5 Rb1+ 
28.Kg2 Qb7 29.e4 Qa6 30.Rd8+ Kf7 31.Qd3 Qxd3 32.Rxd3 Ke7 33.f3 Rb2+ 34.Kg1
Ke6 35.g4 Rb7 36.Kf2 Rd7 37.Ke3 1/2-1/2

[Event "X C.to Italiano U20"]
[Site "Bratto - Castione della Presolana ITA"]
[Date "2002.08.21"]
[Round "2"]
[White "Braschi, Giancarlo"]
[Black "Buchicchio, Giancarlo"]
[Result "1/2-1/2"]
[WhiteElo "2124"]
[BlackElo "1825"]
[PlyCount "58"]
[EventDate "2002.08.20"]

1.d4 Nf6 2.c4 c5 3.d5 b5 4.Nf3 g6 5.Qc2 d6 6.e4 bxc4 7.Bxc4 Bg7 8.Nc3 O-O 
9.h3 Ba6 10.Bxa6 Nxa6 11.O-O Qb6 12.Bg5 Rfe8 13.Rfe1 Rab8 14.b3 Nd7 15.
Rac1 Nb4 16.Qd2 Qa6 17.Re2 Ne5 18.Nxe5 Bxe5 19.h4 Qc8 20.Nd1 f6 21.Bh6 Qg4
22.g3 Bxg3 23.fxg3 Qxg3+ 24.Rg2 Qxh4 25.Nf2 Nc2 26.Rh2 Qg3+ 27.Rg2 Qh4 28.
Rh2 Qg3+ 29.Rg2 Qh4 1/2-1/2

[Event "X C.to Italiano U20"]
[Site "Bratto - Castione della Presolana ITA"]
[Date "2002.08.21"]
[Round "2"]
[White "Brunello, Sabino"]
[Black "Ferro, Mario"]
[Result "1/2-1/2"]
[WhiteElo "1957"]
[BlackElo "2191"]
[PlyCount "114"]
[EventDate "2002.08.20"]

1.e4 c5 2.d4 cxd4 3.c3 d3 4.Bxd3 Nc6 5.Nf3 d6 6.h3 g6 7.O-O Bg7 8.c4 Nf6 
9.Nc3 O-O 10.Bg5 b6 11.Qd2 Bb7 12.Rac1 Qd7 13.Bh6 Ne5 14.Nxe5 dxe5 15.Bxg7
Kxg7 16.Rfd1 Rfd8 17.f3 Nh5 18.Qf2 Qd4 19.Bf1 Qxf2+ 20.Kxf2 Nf4 21.Nd5 
Bxd5 22.cxd5 Rd6 23.Rc7 e6 24.g3 Nh5 25.Bc4 Nf6 26.dxe6 Rxd1 27.Rxf7+ Kh6 
28.Rxf6 Rd2+ 29.Ke3 Rxb2 30.e7 Re8 31.Rf7 g5 32.Rf6+ Kg7 33.Re6 b5 34.Bd5 
Rc2 35.Rxe5 h6 36.Bb3 Rc3+ 37.Ke2 a6 38.Re6 a5 39.Rb6 a4 40.Bd5 Rxe7 41.
Rxb5 Rec7 42.Rb4 Rc2+ 43.Ke3 R7c3+ 44.Kd4 Rxf3 45.Rxa4 Rxg3 46.Ra7+ Kf8 
47.Be6 Rgc3 48.Rf7+ Ke8 49.Rh7 Rc7 50.Rxh6 Rg7 51.a4 Ke7 52.Bg4 Rg8 53.
Rh7+ Kf6 54.Rh6+ Kg7 55.Ra6 Rd8+ 56.Ke5 Rc5+ 57.Ke6 Re8+ 1/2-1/2

[Event "X C.to Italiano U20"]
[Site "Bratto - Castione della Presolana ITA"]
[Date "2002.08.21"]
[Round "2"]
[White "Buchicchio, Giampaolo"]
[Black "Damia, Angelo"]
[Result "1-0"]
[WhiteElo "2188"]
[BlackElo "1888"]
[PlyCount "39"]
[EventDate "2002.08.20"]

1.e4 c5 2.Nf3 d6 3.d4 cxd4 4.c3 dxc3 5.Nxc3 Nc6 6.Bc4 e6 7.O-O Be7 8.Qe2 
a6 9.Rd1 Qc7 10.Bf4 b5 11.Bb3 Bb7 12.Rac1 Nf6 13.Nd5 exd5 14.exd5 O-O 15.
dxc6 Bc8 16.Re1 Nh5 17.Bg5 Bxg5 18.Nxg5 g6 19.Nxf7 Nf4 20.Nxd6+ 1-0

[Event "X C.to Italiano U20"]
[Site "Bratto - Castione della Presolana ITA"]
[Date "2002.08.21"]
[Round "2"]
[White "Chinello, Gianmarco"]
[Black "Rodella, Tommaso"]
[Result "0-1"]
[WhiteElo "1636"]
[BlackElo "1573"]
[PlyCount "110"]
[EventDate "2002.08.20"]

1.e4 e5 2.Nf3 Nc6 3.d4 exd4 4.Bc4 Nf6 5.O-O d6 6.Nxd4 Be7 7.Nc3 Ne5 8.Bb3 
O-O 9.Bg5 c6 10.Re1 Qc7 11.Qe2 Ne8 12.Bxe7 Qxe7 13.Rad1 Qg5 14.Rf1 Ng6 15.
Nf3 Qf6 16.Nd2 Nf4 17.Qf3 h5 18.h3 Qg5 19.Qg3 Qxg3 20.fxg3 Ne6 21.Nc4 b5 
22.Nxd6 b4 23.Ne2 Ba6 24.Rf2 Rd8 25.e5 Nc5 26.Rd4 Nxb3 27.axb3 c5 28.Rd2 
f6 29.Nc1 fxe5 30.Nxe8 Rfxe8 31.c3 e4 32.Rxd8 Rxd8 33.c4 Rd1+ 34.Rf1 Rd2 
35.Re1 Bb7 36.Kf1 Rxb2 37.Re2 Rb1 38.Re1 Kf7 39.Kf2 Ke6 40.Ke3 Rb2 41.Re2 
Rxe2+ 42.Kxe2 Ke5 43.Ke3 g5 44.Ne2 Bc8 45.Kd2 Bd7 46.Ke3 a5 47.Kd2 Bc6 48.
Ke3 a4 49.Nc1 axb3 50.Nxb3 Kd6 51.Kf2 Ba4 52.Nd2 Ke5 53.Ke3 Bc2 54.Nf1 b3 
55.Kd2 Bd3 0-1

[Event "X C.to Italiano U20"]
[Site "Bratto - Castione della Presolana ITA"]
[Date "2002.08.21"]
[Round "2"]
[White "Costantini, Roberto"]
[Black "Vocaturo, Daniele"]
[Result "0-1"]
[WhiteElo "2340"]
[BlackElo "2101"]
[PlyCount "80"]
[EventDate "2002.08.20"]

1.e4 c5 2.Nf3 d6 3.d4 cxd4 4.Nxd4 Nf6 5.Nc3 a6 6.Be3 e5 7.Nb3 Be6 8.f3 
Nbd7 9.g4 h6 10.Qd2 Qc7 11.O-O-O b5 12.Kb1 Nb6 13.Bxb6 Qxb6 14.Nd5 Bxd5 
15.exd5 Be7 16.h4 a5 17.Qd3 Rb8 18.Bh3 b4 19.g5 Nh5 20.g6 Nf4 21.gxf7+ Kf8
22.Qe4 a4 23.Nd2 Qb5 24.Be6 a3 25.Nc4 axb2 26.Rhg1 Bf6 27.Nxd6 Qa6 28.Nc4 
Ra8 29.a3 bxa3 30.Ka2 Rb8 31.Nxa3 Be7 32.d6 Bxd6 33.Rxd6 Qxd6 34.Bb3 Ne2 
35.Qxe2 Ra8 36.Kxb2 Qxa3+ 37.Kc3 Rc8+ 38.Kd3 Qd6+ 39.Ke4 Qd4+ 40.Kf5 Rc6 
0-1

[Event "X C.to Italiano U20"]
[Site "Bratto - Castione della Presolana ITA"]
[Date "2002.08.21"]
[Round "2"]
[White "Frilli, Guido"]
[Black "Navarro, Stefano"]
[Result "1/2-1/2"]
[WhiteElo "1750"]
[BlackElo "2122"]
[PlyCount "32"]
[EventDate "2002.08.20"]

1.e4 e5 2.d4 exd4 3.Qxd4 Nc6 4.Qe3 Bb4+ 5.Nc3 d6 6.Bd2 Nf6 7.O-O-O O-O 8.
Qg3 Re8 9.f3 Be6 10.h4 Nd7 11.Nge2 Kh8 12.Nf4 Nb6 13.h5 Rg8 14.Ng6+ fxg6 
15.hxg6 h6 16.Qh2 Re8 1/2-1/2

[Event "X C.to Italiano U20"]
[Site "Bratto - Castione della Presolana ITA"]
[Date "2002.08.21"]
[Round "2"]
[White "Hellweger, Stefan"]
[Black "Kidane, Robel"]
[Result "0-1"]
[WhiteElo "1488"]
[BlackElo "1770"]
[PlyCount "96"]
[EventDate "2002.08.20"]

1.e4 c5 2.Nf3 d6 3.d3 g6 4.Be2 Bg7 5.c3 Nc6 6.O-O Nf6 7.Bg5 h6 8.Bxf6 Bxf6
9.d4 Qb6 10.d5 Qxb2 11.dxc6 Qxa1 12.cxb7 Bxb7 13.Qa4+ Kf8 14.Qc2 Bc8 15.
Nfd2 Be6 16.Bc4 Bxc4 17.Nxc4 Rb8 18.e5 Bxe5 19.f4 Rxb1 20.Rxb1 Qxc3 21.
Qxc3 Bxc3 22.Rb7 d5 23.Na3 Bd4+ 24.Kf1 c4 25.Nb5 Be3 26.g3 a6 27.Na3 Kg7 
28.Nc2 Bc5 29.Rc7 Bd6 30.Rb7 Rb8 31.Rxb8 Bxb8 32.Nb4 e6 33.Ke2 a5 34.Nc6 
Bc7 35.a4 Bb6 36.Ne5 Bd4 37.Nc6 Bc3 38.Kd1 f6 39.Kc2 d4 40.Kc1 d3 41.Kd1 
e5 42.fxe5 fxe5 43.Ne7 e4 44.Nd5 Bd4 45.Nf4 Kf6 46.Nd5+ Ke5 47.Ne7 e3 48.
Nxg6+ Ke4 0-1

[Event "X C.to Italiano U20"]
[Site "Bratto - Castione della Presolana ITA"]
[Date "2002.08.21"]
[Round "2"]
[White "Lain, Luigi"]
[Black "Arcion, Riccardo"]
[Result "1-0"]
[WhiteElo "2160"]
[BlackElo "1825"]
[PlyCount "91"]
[EventDate "2002.08.20"]

1.d4 d5 2.c4 c6 3.Nc3 Nf6 4.Bf4 e6 5.e3 Nbd7 6.Bd3 Be7 7.Nf3 O-O 8.O-O 
dxc4 9.Bxc4 Nd5 10.Nxd5 exd5 11.Bd3 Nf6 12.Ne5 Bd6 13.a3 Re8 14.b4 a6 15.
Rb1 Qe7 16.h3 Nd7 17.Nxd7 Bxd7 18.Bxd6 Qxd6 19.Qc2 h6 20.Qc5 Qf6 21.Qb6 
Rab8 22.a4 Bf5 23.Bxf5 Qxf5 24.b5 axb5 25.axb5 Re6 26.bxc6 Rxc6 27.Qxc6 
bxc6 28.Rxb8+ Kh7 29.Rc1 Qd3 30.Rc8 Qa3 31.R8xc6 Qd3 32.g3 h5 33.h4 Qe4 
34.Rd6 f6 35.Rc5 Qb1+ 36.Kg2 Qe4+ 37.Kh2 Qf3 38.Kg1 g5 39.Rdxd5 Kg6 40.
hxg5 h4 41.Rf5 Qe4 42.Rxf6+ Kg7 43.Rc7+ Kg8 44.Rb6 Qa8 45.gxh4 Qd8 46.Rbb7
1-0

[Event "X C.to Italiano U20"]
[Site "Bratto - Castione della Presolana ITA"]
[Date "2002.08.21"]
[Round "2"]
[White "Lo Curto, Emanuele"]
[Black "Bertagnolli, Alexander"]
[Result "1/2-1/2"]
[WhiteElo "2084"]
[BlackElo "2294"]
[PlyCount "100"]
[EventDate "2002.08.20"]

1.e4 g6 2.d4 Bg7 3.Nc3 c6 4.f4 d5 5.e5 h5 6.Be3 Nh6 7.Nf3 Bg4 8.h3 Nf5 9.
Bf2 Bxf3 10.Qxf3 h4 11.Bd3 e6 12.Ne2 Bf8 13.O-O Nd7 14.c3 Be7 15.a4 Qc7 
16.a5 a6 17.b3 Rd8 18.b4 Nf8 19.Kh2 Kd7 20.Ng1 Kc8 21.Qe2 Nd7 22.Nf3 Rh5 
23.Rfc1 Nb8 24.Rab1 Rg8 25.c4 dxc4 26.Bxc4 g5 27.d5 Ng3 28.Qe1 g4 29.hxg4 
exd5 30.Bxd5 Rxg4 31.Bxf7 Rh6 32.Bb6 Qd7 33.e6 Qd6 34.Ne5 Rxf4 35.Rd1 Re4 
36.Rxd6 Bxd6 37.e7 Rh8 38.e8=Q+ Rxe8 39.Bxe8 Bxe5 40.Qd1 Ne2+ 41.Kh1 Ng3+ 
42.Kg1 Ne2+ 43.Kf2 Bg3+ 44.Kf3 Rxe8 45.Qd3 Nd7 46.Bd4 Nxd4+ 47.Qxd4 Ne5+ 
48.Ke2 Ng4+ 49.Kf1 Rf8+ 50.Ke2 Re8+ 1/2-1/2

[Event "X C.to Italiano U20"]
[Site "Bratto - Castione della Presolana ITA"]
[Date "2002.08.21"]
[Round "2"]
[White "Longo, Aldo"]
[Black "Buchicchio, Alessandro"]
[Result "1/2-1/2"]
[WhiteElo "1575"]
[BlackElo "1707"]
[PlyCount "64"]
[EventDate "2002.08.20"]

1.e4 Nf6 2.e5 Nd5 3.d4 d6 4.c4 Nb6 5.f4 Bf5 6.Nf3 e6 7.Nc3 Be7 8.Be3 O-O 
9.Bd3 Bxd3 10.Qxd3 f6 11.Ne4 N8d7 12.O-O dxe5 13.fxe5 Nxe5 14.Nxe5 fxe5 
15.Rxf8+ Kxf8 16.Qf1+ Kg8 17.dxe5 Qf8 18.b3 Nd7 19.Bd4 b6 20.Qe2 Bc5 21.
Nxc5 Nxc5 22.Qg4 Qf5 23.Qxf5 exf5 24.Bxc5 bxc5 25.Rd1 Re8 26.Rd5 Kf7 27.
Rxc5 Re7 28.Kf2 Ke6 29.Ra5 c6 30.Ra6 Rc7 31.Ra5 c5 32.Ke3 g5 1/2-1/2

[Event "X C.to Italiano U20"]
[Site "Bratto - Castione della Presolana ITA"]
[Date "2002.08.21"]
[Round "2"]
[White "Longo, Luigi"]
[Black "Tassinari, Luca"]
[Result "1-0"]
[WhiteElo "1678"]
[BlackElo "1600"]
[PlyCount "113"]
[EventDate "2002.08.20"]

1.d4 Nf6 2.c4 e6 3.Nc3 Bb4 4.Qc2 d5 5.cxd5 Nxd5 6.e4 Nxc3 7.bxc3 Be7 8.Nf3
c5 9.Bb5+ Bd7 10.Bxd7+ Nxd7 11.O-O O-O 12.Qb3 b6 13.d5 exd5 14.exd5 Nf6 
15.c4 Ne4 16.Bb2 f6 17.Rfe1 Nd6 18.a4 Qd7 19.Re6 Ne8 20.Rae1 Bd6 21.Qb5 
Qd8 22.R6e2 Nc7 23.Qb3 Qd7 24.Nd2 Rfe8 25.Ne4 Be5 26.Nc3 Bd6 27.Nb5 Rxe2 
28.Rxe2 Re8 29.Qf3 Nxb5 30.axb5 Rxe2 31.Qxe2 Qe7 32.Kf1 Qxe2+ 33.Kxe2 Kf7 
34.Kf3 Kg6 35.Bc1 f5 36.Bf4 Bxf4 37.Kxf4 Kf6 38.h4 g6 39.g4 fxg4 40.Kxg4 
h6 41.h5 g5 42.f4 gxf4 43.Kxf4 Kf7 44.Kf5 Ke7 45.Kg6 Kd7 46.Kxh6 Ke7 47.
Kg7 Kd7 48.h6 Kc7 49.h7 Kc8 50.h8=Q+ Kb7 51.Qd8 a5 52.Qd7+ Ka8 53.Qe8+ Ka7
54.Qe7+ Ka8 55.d6 a4 56.d7 a3 57.d8=R# 1-0

[Event "X C.to Italiano U20"]
[Site "Bratto - Castione della Presolana ITA"]
[Date "2002.08.21"]
[Round "2"]
[White "Napoli, Nicolo'"]
[Black "Tomba, Ivan"]
[Result "1/2-1/2"]
[WhiteElo "1902"]
[BlackElo "2178"]
[PlyCount "98"]
[EventDate "2002.08.20"]

1.e4 c5 2.c3 d5 3.exd5 Qxd5 4.d4 Nf6 5.Nf3 Bg4 6.Be2 e6 7.O-O cxd4 8.Nxd4 
Bxe2 9.Qxe2 Nc6 10.Nb5 O-O-O 11.Be3 Bc5 12.N1a3 Bxe3 13.Qxe3 Kb8 14.Rfe1 
e5 15.Qe2 a6 16.c4 Qd2 17.Nc3 Qg5 18.Rad1 Nd4 19.Qxe5+ Qxe5 20.Rxe5 Nc6 
21.Ree1 Nb4 22.h3 Rhe8 23.Rxe8 Rxe8 24.Nab1 Kc7 25.a3 Nc6 26.Kf1 Re6 27.
Nd5+ Nxd5 28.Rxd5 Ne5 29.b3 Kc6 30.Nc3 Nd7 31.f3 Re3 32.Ne4 Nf6 33.Nxf6 
gxf6 34.Rf5 Rxb3 35.Rxf6+ Kc5 36.Rxf7 Kxc4 37.a4 h6 38.Rf4+ Kd3 39.Kf2 a5 
40.Rf5 b6 41.Rf6 h5 42.Rd6+ Kc4 43.g4 b5 44.Rc6+ Kb4 45.axb5 Kxb5 46.Rc8 
a4 47.g5 h4 48.g6 Rb2+ 49.Kg1 Rb1+ 1/2-1/2